000
00325 a2200157 4500
001
59597
020
_a
9783468497476
040
_c
Anchieta - Pituba
100
_a
Leo
240
1
0
_a
Schwere kost
_l
por
245
1
0
_a
Schwere kost
300
_a
64
362
0
_a
2008
650
4
_a
Literatura juvenil em alemão
942
_c
BK
999
_c
59597
_d
59597